Statistics for Top 15 Countries with Covid-19 Deaths - 29 Mar 2021

Click here to take the quiz!

General Stats

  • This quiz has been taken 11 times
  • The average score is 18 of 25

Answer Stats

country% Correct
Brazil
100%
France
100%
India
100%
Mexico
100%
United Kingdom
100%
United States
100%
Germany
91%
Russia
91%
Spain
91%
Argentina
82%
Italy
82%
Poland
82%
Portugal
73%
South Africa
73%
Belgium
55%
Colombia
55%
Iran
55%
Peru
55%
Bosnia and
Herzegovina
45%
Czechia
45%
Slovakia
45%
Slovenia
45%
Bulgaria
36%
Hungary
36%
North Macedonia
27%

Score Distribution

Percentile by Number Answered

Percent of People with Each Score

Your Score History

You have not taken this quiz